000 01201nam a2200373 c 4500
999 _c49739
_d49739
001 49739
003 ES-MaCES
005 20200226040015.0
008 170720s2017 sp | | |||| 000 | spa
017 _aAB 147-2017
_bDL
020 _a9788416608676
040 _cES-MaCES
_aES-MaCES
_bspa
100 1 _97303
_aBaylos Grau, Antonio
245 1 0 _aComisiones Obreras paso a paso
_b: desde los orígenes en el franquismo hasta la huelga general de diciembre de 1988
_cAntonio Baylos Grau, Juan Moreno Preciado
260 _aAlbacete
_bBomarzo
_c[2017]
300 _a286 p.
_c24 cm
490 1 _aHistoria y cultura del trabajo
504 _aBibliografía: p. 283-286
541 _cCompra
610 2 7 _aComisiones Obreras
_2
_92105
650 4 _asindicato
_928377
650 4 _asindicalismo
_929453
650 4 _acomunismo
_927120
650 4 _amovimiento obrero
_928368
650 4 _aEspaña
_926964
650 4 _a1953-1962
_938417
650 4 _a1966-1988
_938416
650 4 _ahistoria
_927251
653 1 0 _aCiencias Sociales-Políticas
700 1 _938415
_aMoreno Preciado, Juan
830 0 _935019
_aHistoria y cultura del trabajo
902 _aLIB Libro
942 _2CES
_cBK
_h7.0.